00349nam a22001457a 4500003000400000005001700004008004100021020001500062040000700077082001100084100001700095245005600112260002700168300000800195OSt20211215143732.0211215b |||||||| |||| 00| 0 eng d a0030335639 cHU a657.48 aPORTER. Gary aFINANCIAL ACCOUNTING THE IMPACT ON DECISION MAKERS aAmericabNEWYORKc2002 a679